Alcohol Consumption Trends in the EU Member States and Their Association with Selected Socio-economic Indicators

Analýza stavu a trendov v konzumácii čistého alkoholu na obyvateľa v krajinách EÚ v rokoch 1980 až 2015. Korelačná analýza na zistenie súvislosti medzi konzumáciou alkoholu na obyvateľa a niektorými vybranými socio-ekonomickými ukazovateľmi.

Gespeichert in:
Bibliographische Detailangaben
1. Verfasser: Megyesiová, Silvia, 1969-
Weitere Verfasser: Lieskovská, Vanda, 1961-, Závadský, Cyril, 1971-
Format: Buchkapitel
Sprache:Englisch
Schlagworte:
Tags: Tag hinzufügen
Keine Tags, Fügen Sie das erste Tag hinzu!

MARC

LEADER 00000naa a2200000 4500
001 0269140
005 20240502083807.1
041 0 |a eng 
044 |a CZ 
245 1 0 |a Alcohol Consumption Trends in the EU Member States and Their Association with Selected Socio-economic Indicators  |c Silvia Megyesiová, Vanda Lieskovská, Cyril Závadský 
520 |a Analýza stavu a trendov v konzumácii čistého alkoholu na obyvateľa v krajinách EÚ v rokoch 1980 až 2015. Korelačná analýza na zistenie súvislosti medzi konzumáciou alkoholu na obyvateľa a niektorými vybranými socio-ekonomickými ukazovateľmi. 
610 2 0 |a Európska únia 
610 2 0 |a korelácia 
610 2 0 |a nezamestnanosť 
610 2 0 |a ukazovatele sociálno-ekonomické 
100 1 |a Megyesiová, Silvia, 1969- 
700 1 |a Lieskovská, Vanda, 1961- 
700 1 |a Závadský, Cyril, 1971-